000 00863nam a2200265 u 4500
005 20240925064454.0
008 081121s2006 es r 000 0 spa d
020 _a9788426361981
035 _aUPN01000168055
049 _aI
050 4 _aPZ74.9
_bC2.3
100 1 _aCarreras de Sosa, Lydia María,
_d1949-
_937502
245 1 4 _aLas cosas perdidas /
_cLydia Carreras de Sosa ; il. Javier Zabala.
260 _aZaragoza, Esp. :
_bLuis Vives,
_c2006.
300 _a115 p. :
_bil.
440 2 _aAla Delta.
_pVerde ;
_v58
500 _a"A partir de los 10 años"
586 _aNovela ganadora del XVII Premio Ala Delta
650 4 _aROBO (PSICOLOGIA Y ETICA) -
_vNOVELA
_912576
650 0 _aAmistad
_vNovela
_98175
650 4 _aPadres e hijos
_91360
650 0 _aLiteratura juvenil argentina
_912413
700 1 _aZabala, Javier,
_eil.
905 _aInfantil
999 _c140163
_d140163